LEADER 01224nam a2200265 i 4500 001 000000059131 003 CaOOAMICUS 005 20120413000000.0 008 120413s1971 xx u000 u mul u 013 $a30303 040 $aSeMil$bita 245 13$aEl sacerdote ministro de la Iglesia /$cpor Jesus Hernandez. 260 $aBurgos :$bAldecoa,$c1971. 300 $a323 p. ;$c22 cm. 490 0 $aTeología del sacerdocio ;$v3 650 4$aSacerdozio - Teologia.$0(OLS)http://semarc/subject/1982 700 1 $aHernandez, Jesus.$0(OLS)http://semarc/name/30181 774 0 $aEsquerda Bifet, Juan $tCuestiones sobre la distribución del clero ; Boletín bibliográfic.$w()302023 774 0 $aAbad Ibáñez, José Antonio$tAlternativas litúrgicas del sacerdote de hoy.$w()302024 774 0 $aEscartín, Carlos$tEstilo del sacerdote en el mundo de hoy.$w()302025 830 0$aTeología del sacerdocio ;$v3.$0(OLS)http://semarc/title/166 850 $aSeMil 852 $aSeMil$W1$xVenegono$y1$m2D I 107$j25284$B25284$CSeMilBibl$Z2$F25287 $81 996 $6245$aEl sacerdote ministro de la Iglesia$9(OLS)http://semarc/title/92346 996 $6260$aBurgos :$bAldecoa$9(OLS)http://semarc/publisher/29672 LEADER 01433nam a2200253 i 4500 001 000000208732 003 CaOOAMICUS 005 20190827162540.0 008 111125s1822 it u000 u ita u 013 $a187520 026 $aiec- 36n- a.s- tade (3) 1822 (R) 040 $aSeMil$bita 100 1 $aCavalca, Domenico,$d.$0(OLS)http://semarc/name/3201 245 10$aSpecchio di croce di f. Domenico Cavalca secondo un testo della Biblioteca Quiriniana di Brescia ignoto a mr. Bottari e agli accademici della Crusca con un ragionamento sopra la sua eccellenza di Giuseppe Taverna. 260 $aBrescia :$bpresso Moro e Falsina,$c1822$e(Brescia :$fTip. Pasini,$g1822) 300 $aLXXIV, [2], 222, [2] p. ;$c8°. 700 1 $aTaverna, Giuseppe,$d<1764-1850>.$0(OLS)http://semarc/name/73793 700 1 $aPasini,$c.$0(OLS)http://semarc/name/14499 710 0 $aMoro & Falsina$c.$0(OLS)http://semarc/name/74863 850 $aSeMil 852 $aSeMil$W1$xVenegono$y1$m1O VI 17 FA$j159186$B159186$CSeMilBibl$Z2$F170259 $8I 996 $6245$aSpecchio di croce di f. Domenico Cavalca secondo un testo della Biblioteca Quiriniana di Brescia ignoto a mr. Bottari e agli accademici della Crusca con un ragionamento sopra la sua eccellenza di Giuseppe Taverna$9(OLS)http://semarc/title/301796 996 $6260$aBrescia :$bpresso Moro e Falsina$9(OLS)http://semarc/publisher/52303